BEWATE OF DUG (Record no. 3290)
[ view plain ]
| 000 -LEADER | |
|---|---|
| fixed length control field | 00755nam a22001217a 4500 |
| 020 ## - INTERNATIONAL STANDARD BOOK NUMBER | |
| ISBN | 978-93-80283-44-9 |
| 082 ## - DEWEY DECIMAL CLASSIFICATION NUMBER | |
| Classification number | 823 |
| Item number | AUE/B |
| 100 ## - MAIN ENTRY--AUTHOR NAME | |
| Personal name | AUERBACH, ANNIE |
| 245 ## - TITLE STATEMENT | |
| Title | BEWATE OF DUG |
| 260 ## - PUBLICATION, DISTRIBUTION, ETC. (IMPRINT) | |
| Place of publication | US |
| Name of publisher | RANDOM HOUSE |
| 650 ## - SUBJECT ADDED ENTRY--TOPICAL TERM | |
| Topical Term | ENGLISH SHORT STORY |
| 942 ## - ADDED ENTRY ELEMENTS (KOHA) | |
| Koha item type | Books |
| Withdrawn status | Lost status | Collection code | Home library | Current library | Shelving location | Date acquired | Source of acquisition | Cost, normal purchase price | Full call number | Accession Number | Koha item type |
|---|---|---|---|---|---|---|---|---|---|---|---|
| Fiction | Main Library | Main Library | SHELF 3- E- ENGLISH CHILDRENS LITERATURE &MYTHOLOGY | 31/01/2019 | PURCHASE | 30.00 | 823 AUE/B | 10933 | Books |